No jardim (Registo nº 1986)

Detalhes MARC
000 -Etiqueta do registo
Cabeçalho 00808nam a22002891 4500
005 - Identificador da versão
Campo de controlo 20240827111501.0
010 ## - Número internacional normalizado dos livros (ISBN)
Número (ISBN) 9720715723
021 ## - Número do Depósito Legal
Código do país PT
Número 213186/04
100 ## - Dados gerais de processamento
Dados gerais de processamento 20070621d2006 b y0pory5003 ba
101 1# - Língua de publicação
Língua do texto, banda sonora, etc. Português
Língua do documento no original Inglês
102 ## - Pais de publicação ou produção
País de publicação Portugal
105 ## - Campo de dados codificados: livros
Dados codificados dos livros a z 000zy
106 ## - Campo de dados codificados: material textual
Dados codificados do material textual r
200 1# - Titulo e menção de responsabilidade
Título próprio No jardim
Primeira menção de responsabilidade [ed.] Porto Editora
Outras menções de responsabilidade il. Rebecca Finn
205 ## - Menção da edição
Menção da edição [1ª ed.]
210 ## - Publicação, Distribuição, etc. 
Lugar da edição, distribuição, etc. Porto
Nome do editor, distribuidor, etc. Porto Editora
Data da publicação, distribuição, etc. imp. 2006
215 ## - Descrição física 
Indicação específica da natureza do documento e extensão da espécie [8] p.
Outras indicações físicas todo il.
Dimensões 18 cm
225 2# - Colecção 
Título próprio da colecção Mundo mágico
Informação de outro título da colecção  a partir dos 3 anos
Indicação de volume [2]
300 ## - Notas gerais 
Texto da nota Livro interactivo
304 ## - Notas relativas a título e menção de responsabilidade 
Texto da nota Tít. orig.: Busy garden
606 ## - Nome comum usado como assunto
Número de registo de entrada de autoridade 0000659
Palavra de ordem Literatura estrangeira infantil
Subdivisão de assunto Pré-primária
675 ## - Classificação Decimal Universal (CDU)
Notação 82-34
Edição
Língua da edição por
701 #1 - Nome de autor-pessoa física (co-responsabilidade principal)
Palavra de ordem Finn
Outra parte do nome não tomada para palavra de ordem Rebecca
710 02 - Nome de colectividade-autor (responsabilidade principal)
Número de registo de entrada de autoridade 0000375
Palavra de ordem Porto Editora
942 ## - Elementos de entrada adicionados (Koha)
Tipo de item no Koha Livro
Exemplares
Situação do levantamento Origin of item (home branch) (coded) Biblioteca de empréstimo Código de barras Cota Circulation type (not for loan) Tipo de documento Nota do exemplar Damaged status
  Biblioteca Escolar da Coca Maravilhas Biblioteca Escolar da Coca Maravilhas BECM7146/05 8EST FIN   Livro Sem mensagem